Manhã, tarde & noite (Registo nº 201925)

Detalhes MARC
000 -Etiqueta do registo
Valores 00573nam 22001933 4500
010 ## - Número ISBN
ISBN 972-42-1367-6
021 ## - Número do Depósito Legal
Número 101262/96
100 ## - Dados gerais de processamento
Dados gerais 20260423d u||y0pory50 ba
200 ## - Titulo e menção de responsabilidade
Título próprio Manhã, tarde & noite
Primeira menção de responsabilidade Sidney Sheldon
Outras menções de responsabilidade tradução Gabriela Corte-Real
210 ## - Publicação
Local de publicação Lisboa
Nome do editor Círculo de Leitores
Data de publicação 1996
215 ## - Descrição física 
Paginação / Volumes 324 p.
Outras indicações físicas encadernado
Dimensões 20 cm
606 ## - Nome comum usado como assunto
ID Autoridade 16
Palavra de ordem Literatura Americana
675 ## - CDU
Notação 821.111(73)-3
Edição PT
Língua por
700 ## - Autor principal (pessoa individual)
ID Autoridade 757
Apelido Sheldon
Nome Sidney
Datas 1917-2007
801 ## - Fonte de origem
País PT
Agência BMMN
Regras de catalogação RPC
830 ## - Notas gerais do catalogador
Criado por Fernando
Indexado por Fernando
990 ## - Elementos KOHA
Tipo de documento Livro
Exemplares
Situação do levantamento Biblioteca de origem Código de barras Cota Permissão de empréstimo Tipo de documento Forma de aquisição
  Biblioteca Municipal de Montemor-o-Novo 31324 821.111(73)-3 SHE|LG   Livro Oferta

Powered by Koha